🐶 犬種別犬籍登録頭数 TOP30 🐶 - Statistics

General Stats
  • This quiz has been taken 285 times
  • The average score is 10 of 30
Answer Stats
順位 頭数 犬種 % Correct
2 48,865 チワワ
90%
11 6,159
90%
3 29,082 ダックスフンド(カニ―ンヘン・ミニチュア・スタンダード)
75%
10 7,899 ゴールデン・レトリーバー
72%
6 11,218 フレンチ・ブルドッグ
67%
30 1,156 ブルドッグ
67%
1 80,631 プードル(トイ・ミニチュア・ミディアム・スタンダード)
67%
13 5,197 パグ
48%
15 4,284 ラブラドール・レトリーバー
48%
7 9,649 マルチーズ
45%
27 1,931 シベリアン・ハスキー
45%
4 20,578 ポメラニアン
44%
14 4,441 ウェルシュ・コーギー・ペンブローク
42%
8 8,295 ヨークシャー・テリア
37%
16 3,734 パピヨン
25%
5 14,199 ミニチュア・シュナウザー
24%
9 7,957 シー・ズー
24%
26 2,092 ビーグル
19%
17 3,476 ボーダー・コリー
17%
29 1,236 日本スピッツ
13%
22 2,700 ミニチュア・ピンシャー
10%
21 2,904 キャバリア・キング・チャールズ・スパニエル
8%
18 3,256 ジャック・ラッセル・テリア
7%
25 2,107 アメリカン・コッカー・スパニエル
7%
19 3,199 ペキニーズ
5%
23 2,667 シェットランド・シープドッグ
5%
24 2,555 ボストン・テリア
5%
12 5,788 ビション・フリーゼ
4%
20 2,987 イタリアン・グレーハウンド
4%
28 1,238 バーニーズ・マウンテン・ドッグ
4%
No matching quizzes found
Score Distribution
Percent of People with Each Score
Percentile by Number Answered
Your Score History
You have not taken this quiz